<?xml version="1.0" encoding="UTF-8"?>
<collection xmlns="http://www.loc.gov/MARC21/slim">
 <record>
  <leader>02167pam a22003378a 4500</leader>
  <controlfield tag="001">00031673</controlfield>
  <controlfield tag="005">20171026081025.0</controlfield>
  <controlfield tag="008">140115s2014                  ||||||viesd</controlfield>
  <datafield tag="020" ind1="#" ind2="#">
   <subfield code="c">0</subfield>
   <subfield code="a">9786045403921</subfield>
  </datafield>
  <datafield tag="041" ind1="0" ind2="#">
   <subfield code="a">vie</subfield>
  </datafield>
  <datafield tag="082" ind1="1" ind2="4">
   <subfield code="b">T103L</subfield>
   <subfield code="a">353.806 8</subfield>
  </datafield>
  <datafield tag="245" ind1="1" ind2="0">
   <subfield code="a">Tài liệu bồi dưỡng Cán bộ quản lí Sở/Phòng Giáo dục và Đào tạo</subfield>
   <subfield code="n">Quyển 1</subfield>
  </datafield>
  <datafield tag="260" ind1="#" ind2="#">
   <subfield code="a">Hà Nội</subfield>
   <subfield code="b">Đại học Sư phạm</subfield>
   <subfield code="c">2014</subfield>
  </datafield>
  <datafield tag="300" ind1="#" ind2="#">
   <subfield code="a">303 tr.</subfield>
   <subfield code="c">27 cm.</subfield>
  </datafield>
  <datafield tag="500" ind1="#" ind2="#">
   <subfield code="a">Đầu bìa sách ghi: Bộ Giáo dục và Đào tạo MOET. Ngân hàng phát triển Châu Á ADB. Dự án PT GV THPT&amp;TCCN- Học Viện Quản lí Giáo dục</subfield>
  </datafield>
  <datafield tag="653" ind1="#" ind2="#">
   <subfield code="a"> Sở Giáo dục</subfield>
  </datafield>
  <datafield tag="653" ind1="#" ind2="#">
   <subfield code="a">Cán bộ</subfield>
  </datafield>
  <datafield tag="653" ind1="#" ind2="#">
   <subfield code="a">Tài liệu bồi dưỡng</subfield>
  </datafield>
  <datafield tag="653" ind1="#" ind2="#">
   <subfield code="a">Quản lí</subfield>
  </datafield>
  <datafield tag="653" ind1="#" ind2="#">
   <subfield code="a">Phòng Giáo dục</subfield>
  </datafield>
  <datafield tag="852" ind1="#" ind2="#">
   <subfield code="b">Kho giáo trình</subfield>
   <subfield code="j">KGT.0042361, KGT.0042362, KGT.0042363, KGT.0042364, KGT.0042365, KGT.0042366, KGT.0042367, KGT.0042368, KGT.0042369, KGT.0042370, KGT.0042371, KGT.0042372, KGT.0042373, KGT.0042374, KGT.0042375, KGT.0042376, KGT.0042377, KGT.0042378, KGT.0042379, KGT.0042380, KGT.0042381, KGT.0042382, KGT.0042383, KGT.0042384, KGT.0042385, KGT.0042386, KGT.0042387, KGT.0042388, KGT.0042389, KGT.0042390, KGT.0042391, KGT.0042392, KGT.0042393, KGT.0042394, KGT.0042395, KGT.0042396, KGT.0042397, KGT.0042398</subfield>
  </datafield>
  <datafield tag="852" ind1="#" ind2="#">
   <subfield code="j">KGT.0042394</subfield>
   <subfield code="j">KGT.0042395</subfield>
   <subfield code="j">KGT.0042396</subfield>
   <subfield code="j">KGT.0042398</subfield>
   <subfield code="j">KGT.0042362</subfield>
   <subfield code="j">KGT.0042363</subfield>
   <subfield code="j">KGT.0042365</subfield>
   <subfield code="j">KGT.0042366</subfield>
   <subfield code="j">KGT.0042369</subfield>
   <subfield code="j">KGT.0042370</subfield>
   <subfield code="j">KGT.0042371</subfield>
   <subfield code="j">KGT.0042372</subfield>
   <subfield code="j">KGT.0042374</subfield>
   <subfield code="j">KGT.0042376</subfield>
   <subfield code="j">KGT.0042377</subfield>
   <subfield code="j">KGT.0042379</subfield>
   <subfield code="j">KGT.0042380</subfield>
   <subfield code="j">KGT.0042382</subfield>
   <subfield code="j">KGT.0042383</subfield>
   <subfield code="j">KGT.0042385</subfield>
   <subfield code="j">KGT.0042386</subfield>
   <subfield code="j">KGT.0042388</subfield>
   <subfield code="j">KGT.0042389</subfield>
   <subfield code="j">KGT.0042391</subfield>
   <subfield code="j">KGT.0042392</subfield>
   <subfield code="j">KD.0015442</subfield>
   <subfield code="j">KGT.0042361</subfield>
   <subfield code="j">KGT.0042364</subfield>
   <subfield code="j">KGT.0042367</subfield>
   <subfield code="j">KGT.0042368</subfield>
   <subfield code="j">KGT.0042373</subfield>
   <subfield code="j">KGT.0042375</subfield>
   <subfield code="j">KGT.0042378</subfield>
   <subfield code="j">KGT.0042381</subfield>
   <subfield code="j">KGT.0042384</subfield>
   <subfield code="j">KGT.0042387</subfield>
   <subfield code="j">KGT.0042390</subfield>
   <subfield code="j">KGT.0042393</subfield>
   <subfield code="j">KGT.0042397</subfield>
  </datafield>
  <datafield tag="852" ind1="#" ind2="#">
   <subfield code="b">Kho đọc</subfield>
   <subfield code="j">KD.0015442</subfield>
  </datafield>
  <datafield tag="852" ind1="#" ind2="#">
   <subfield code="b">Kho mượn</subfield>
   <subfield code="j">KGT.0042361</subfield>
  </datafield>
  <datafield tag="910" ind1=" " ind2=" ">
   <subfield code="d">15/01/2014</subfield>
  </datafield>
  <datafield tag="980" ind1="#" ind2="#">
   <subfield code="a">Trung tâm Học liệu Lê Vũ Hùng, Trường Đại học Đồng Tháp</subfield>
  </datafield>
 </record>
</collection>
